| 000 | 00000nam##2200000za#4500 |
| 001 | 9.569625 |
| 003 | CaOODSP |
| 005 | 20210624181846 |
| 007 | cr ||||||||||| |
| 008 | 150406|1990||||xxc|||||o f|0| 0 eng|d |
| 040 | |aCaOODSP|beng |
| 043 | |an-cn--- |
| 086 | 1 |aNH18-1/133-1990E-PDF |
| 110 | 2 |aCanada Mortgage and Housing Corporation. |
| 245 | 10|aField study of the indoor environment in mobile homes : |h[electronic resource]|bfinal contract report / |c[by] D.A. Figley and J.T. Makohon. |
| 260 | |aOttawa - Ontario : |bCanada Mortgage and Housing Corporation |c1990. |
| 300 | |a47p.|breferences, tables |
| 490 | 1 |aResearch report |
| 546 | |a(Résumé en français.) |
| 590 | |a11-25-Supp|b2011-10-31 |
| 720 | 1 |aFigley, D. A. |
| 720 | 1 |aMakohon, J. T. |
| 830 | #0|aResearch report (Canada Mortgage and Housing Corporation : Online)|w(CaOODSP)9.506068 |
| 856 | 40|ahttp://publications.gc.ca|qPDF|s499 KB|uhttps://publications.gc.ca/collections/collection_2011/schl-cmhc/nh18-1/NH18-1-133-1990-eng.pdf |